000 00273nam a22001097a 4500
008 160426b xxu||||| |||| 00| 0 eng d
020 _a9780323069533
041 _aeng
080 _a618.2
245 _aKontemporary nursing;
_cBarbara cherry; Susan R. Jacob;
942 _2udc
_cBK
999 _c1594
_d1594